000 00710nam a2200193 a 4500
003 0
005 20250421094012.0
008 060801s19uu xx 00 eng d
050 _aPHS LC 1091
_b.L58 2006
100 _aLitonjua, Arsenio Justin R.
245 _aThe Relationship between family businesses and the choices of college courses /
_cArsenio Justin R. Litonjua.
260 _aLas PiƱas City, Philippines :
_bSouthville International School and Colleges,
_c2006.
300 _a21 pages :
_billustrations ;
_c28 cm.
504 _aIncludes bibliographical references.
650 _aCareer choice.
650 _aFamily-owned business enterprises.
650 _aFamilies
_xInfluence.
942 _2lcc
_cPASS
999 _c97641
_d97641